[Event "LBN-ch"]
[Site "Beirut"]
[Date "2023.11.09"]
[Round "8"]
[White "Karam, Youssef Mark"]
[Black "Adeimi, Michel"]
[Result "0-1"]
[WhiteElo "1655"]
[BlackElo "1965"]
[PlyCount "104"]
[EventDate "2023.10.30"]
[EventType "swiss"]
[EventRounds "9"]
[EventCountry "LBN"]
[SourceTitle "CB46_2023"]
[SourceDate "2023.11.15"]
[SourceVersion "1"]
[SourceVersionDate "2023.11.15"]
[SourceQuality "1"]

1. b3 Nf6 2. Bb2 g6 3. Nc3 Bg7 4. d4 0-0 5. Qd2 d5 6. 0-0-0 a5 7. f3 c6 8. Kb1 b5 9. h4 a4 10. Nh3 axb3 11. axb3 h5 12. Ng5 Bf5 13. e3 Na6 14. Bd3 Bxd3 15. Qxd3 Nb4 16. Qd2 Qa5 17. e4 dxe4 18. fxe4 Ng4 19. Rhf1 f6 20. Ne6 Bh6 21. Qe1 Na2 22. Ne2 b4 23. N6f4 e5 24. dxe5 fxe5 25. Ne6 Rfe8 26. Ng5 Bxg5 27. hxg5 Qc5 28. Qd2 Ne3 29. Rf6 Nxd1 30. Qd7 Ndc3+ 31. Bxc3 Nxc3+ 32. Nxc3 Re7 33. Rxg6+ Kh7 34. Rh6+ Kg7 35. Rg6+ Kxg6 36. Qf5+ Kg7 37. Qf6+ Kg8 38. Qg6+ Rg7 39. Qe6+ Rf7 40. Ne2 Qa7 41. Qg6+ Kf8 42. Qd6+ Re7 43. Qf6+ Ke8 44. Qxc6+ Rd7 45. Qe6+ Kd8 46. Qg8+ Kc7 47. Qc4+ Kb6 48. Qe6+ Kb5 49. Qxe5+ Qc5 50. c4+ Kc6 51. Qf6+ Rd6 52. Qf3 Qe5 0-1

[Event "Beirut op 11th"]
[Site "Beirut"]
[Date "2022.11.13"]
[Round "3"]
[White "Adeimi, Michel"]
[Black "El Bittar, John Fadi"]
[Result "1-0"]
[WhiteElo "2005"]
[BlackElo "1315"]
[PlyCount "67"]
[EventDate "2022.11.12"]
[EventType "swiss"]
[EventRounds "9"]
[EventCountry "LBN"]
[SourceTitle "CBM 211 Extra"]
[Source "ChessBase"]
[SourceDate "2023.01.31"]
[SourceVersion "1"]
[SourceVersionDate "2023.01.31"]
[SourceQuality "1"]

1. e4 d6 2. d4 Nf6 3. Nc3 g6 4. f4 Bg7 5. Nf3 Nbd7 6. e5 dxe5 7. fxe5 Ng4 8. Ng5 Nh6 9. e6 Nb6 10. exf7+ Nxf7 11. Nxf7 Kxf7 12. Be3 Rf8 13. Qd2 e5 14. d5 Kg8 15. 0-0-0 Bg4 16. Be2 Bxe2 17. Qxe2 Qe7 18. Ne4 Qh4 19. g4 Bh6 20. Bxh6 Qxh6+ 21. g5 Qg7 22. Nf6+ Rxf6 23. gxf6 Qxf6 24. Rhf1 Qg5+ 25. Kb1 Rd8 26. c4 a5 27. Qe4 Qe7 28. h4 Re8 29. h5 Qb4 30. Rc1 a4 31. a3 Qd6 32. hxg6 hxg6 33. Rg1 Kg7 34. c5 1-0

[Event "LIB-chT"]
[Site "Beirut"]
[Date "2017.09.07"]
[Round "2.5"]
[White "Adeimi, Michel"]
[Black "Khairallah, Faisal"]
[Result "0-1"]
[WhiteElo "2016"]
[BlackElo "2271"]
[PlyCount "72"]
[EventDate "2017.09.06"]
[EventType "team"]
[EventRounds "9"]
[EventCountry "LBN"]
[SourceTitle "CBM 180 Extra"]
[Source "ChessBase"]
[SourceDate "2017.10.06"]
[SourceVersion "1"]
[SourceVersionDate "2017.10.06"]
[SourceQuality "1"]
[WhiteTeam "Soviet Alumni"]
[BlackTeam "Antelias Antrnik"]
[WhiteTeamCountry "LBN"]
[BlackTeamCountry "LBN"]

1. e4 e6 2. Nf3 d5 3. Nc3 Nf6 4. e5 Nfd7 5. d4 c5 6. Bg5 Qb6 7. dxc5 Nxc5 8. Be3 Bd7 9. Rb1 a5 10. a3 a4 11. Be2 Be7 12. Qd4 0-0 13. 0-0 Qc7 14. Nb5 Bxb5 15. Bxb5 Nc6 16. Bxc6 bxc6 17. Qg4 Rfb8 18. h4 Rb7 19. Ng5 Qxe5 20. Rfe1 Qf5 21. Qh5 Qg6 22. Qg4 h5 23. Qd4 Nd7 24. f4 Qf5 25. c3 Bc5 26. Qd1 Bxe3+ 27. Rxe3 Rab8 28. Re1 Qg4 29. Qc2 Nf6 30. Qxa4 Qxh4 31. Nf3 Qg3 32. Re2 c5 33. Qc6 Ne4 34. Rf1 Qxf4 35. Nd2 Qd6 36. Qa4 Ng3 0-1

[Event "Pyramides FFE GP Handicap"]
[Site "Le Port Marly"]
[Date "2013.09.22"]
[Round "6"]
[White "Tregubov, Pavel V"]
[Black "Adeimi, Michel"]
[Result "1/2-1/2"]
[WhiteElo "2608"]
[BlackElo "1943"]
[PlyCount "109"]
[EventDate "2013.09.22"]
[EventType "swiss"]
[EventRounds "7"]
[EventCountry "FRA"]
[SourceTitle "EXT 2021"]
[Source "ChessBase"]
[SourceDate "2020.10.23"]
[SourceVersion "1"]
[SourceVersionDate "2020.10.23"]
[SourceQuality "1"]

1. d4 d5 2. Nf3 e6 3. c4 c6 4. e3 f5 5. Bd3 Nf6 6. 0-0 Bd6 7. b3 0-0 8. Ba3 Ne4 9. Bxd6 Qxd6 10. Qc2 Bd7 11. Ne5 Be8 12. f3 Nf6 13. Nd2 Nbd7 14. f4 Ne4 15. Ndf3 Ndf6 16. Rab1 Bh5 17. b4 Rac8 18. c5 Qc7 19. b5 Ng4 20. Nxg4 Bxg4 21. Ne5 Nf6 22. Qa4 cxb5 23. Rxb5 a6 24. Rb6 Rfe8 25. Rfb1 Rb8 26. Qb3 Re7 27. Nc6 bxc6 28. Rxb8+ Kf7 29. Qb6 Qd7 30. Rd8 Qc7 31. Qxc7 Rxc7 32. Ra8 Bh5 33. h3 Ke7 34. Rxa6 Be8 35. Rab6 Bd7 36. Rb7 Rc8 37. Rb8 Kd8 38. a4 Rxb8 39. Rxb8+ Kc7 40. Rb6 Bc8 41. a5 Nd7 42. Rb2 Nb8 43. g4 g6 44. gxf5 exf5 45. h4 Bb7 46. h5 Nd7 47. hxg6 hxg6 48. a6 Ba8 49. Rh2 g5 50. fxg5 f4 51. exf4 Nf8 52. Rh8 Ne6 53. Rxa8 Nxf4 54. Bf1 Nh3+ 55. Bxh3 1/2-1/2

[Event "FRA-ch op-B"]
[Site "Nancy"]
[Date "2013.08.13"]
[Round "2"]
[White "Adeimi, Michel"]
[Black "Richard, Francois"]
[Result "1-0"]
[WhiteElo "1949"]
[BlackElo "1833"]
[PlyCount "96"]
[EventDate "2013.08.11"]
[EventType "swiss"]
[EventRounds "11"]
[EventCountry "FRA"]
[SourceTitle "CBM 156 Extra"]
[Source "ChessBase"]
[SourceDate "2013.10.22"]
[SourceVersion "1"]
[SourceVersionDate "2013.10.22"]
[SourceQuality "1"]

1. e4 e6 2. Nf3 d5 3. Nc3 dxe4 4. Nxe4 Nd7 5. d4 Ngf6 6. Ng3 c5 7. c3 cxd4 8. Nxd4 Be7 9. Bc4 e5 10. Ndf5 0-0 11. Bg5 Nb6 12. Bd3 Re8 13. Qe2 Be6 14. Bb5 Nbd7 15. Rd1 Qc7 16. Nxe7+ Rxe7 17. Ne4 Rae8 18. Bxf6 Nxf6 19. Nxf6+ gxf6 20. Bxe8 Rxe8 21. a3 Bc4 22. Qg4+ Kh8 23. Qd7 Qb8 24. Qd6 Kg7 25. Qxb8 Rxb8 26. Rd6 Be6 27. f3 Kf8 28. Kf2 Ke7 29. Rhd1 Rc8 30. Ke3 f5 31. R6d2 a5 32. Kf2 a4 33. Rd6 h5 34. Rb6 Rc7 35. Re1 f6 36. Rd1 Bd7 37. Rb4 Kf7 38. Rh4 Kg6 39. Rb4 Kf7 40. Rd6 Ke7 41. Rd3 Kf7 42. Rh4 Kg6 43. f4 Be8 44. Rd6 e4 45. Ke3 Rc5 46. Rd8 Bf7 47. Rh3 Rb5 48. Rg3+ Kh7 1-0

[Event "LIB-ch 37th"]
[Site "Beirut"]
[Date "2011.09.11"]
[Round "6"]
[White "Adeimi, Michel"]
[Black "Najjar, Ahmad"]
[Result "0-1"]
[WhiteElo "1895"]
[BlackElo "2267"]
[PlyCount "100"]
[EventDate "2011.09.05"]
[EventType "swiss"]
[EventRounds "9"]
[EventCountry "LBN"]
[SourceTitle "CBM 144 Extra"]
[Source "ChessBase"]
[SourceDate "2011.10.28"]
[SourceVersion "1"]
[SourceVersionDate "2011.10.28"]
[SourceQuality "1"]

1. e4 g6 2. d4 Bg7 3. Nc3 d6 4. f4 Nf6 5. e5 dxe5 6. fxe5 Nd5 7. Bc4 Be6 8. Qf3 c6 9. Nge2 0-0 10. Bxd5 Bxd5 11. Nxd5 Qxd5 12. Qxd5 cxd5 13. Nf4 e6 14. Nd3 Nc6 15. c3 b5 16. a4 a6 17. axb5 axb5 18. Rxa8 Rxa8 19. Kd2 b4 20. Kc2 bxc3 21. bxc3 Bf8 22. Nb2 Ra1 23. Rd1 Na5 24. Bd2 Ra2 25. Kb1 Ra3 26. Kc2 Be7 27. Rb1 Ra2 28. Kd3 Kg7 29. g4 h6 30. h3 Ba3 31. Nd1 Nc4 32. Be1 Rh2 33. Nf2 Be7 34. Nd1 Bh4 35. Ne3 Rxh3 36. Bxh4 Rxe3+ 37. Kc2 g5 38. Be1 Re4 39. Kd3 Rxg4 40. Ke2 h5 41. Kf3 Rf4+ 42. Kg3 Kg6 43. Bf2 Nd2 44. Rb2 Ne4+ 45. Kg2 Rxf2+ 46. Rxf2 Nxf2 47. Kxf2 Kf5 48. Kf3 h4 49. Ke3 g4 50. Ke2 Ke4 0-1

[Event "LIB-ch 37th"]
[Site "Beirut"]
[Date "2011.09.07"]
[Round "3"]
[White "Chahrour, Ibrahim"]
[Black "Adeimi, Michel"]
[Result "1/2-1/2"]
[WhiteElo "1966"]
[BlackElo "1895"]
[PlyCount "177"]
[EventDate "2011.09.05"]
[EventType "swiss"]
[EventRounds "9"]
[EventCountry "LBN"]
[SourceTitle "CBM 144 Extra"]
[Source "ChessBase"]
[SourceDate "2011.10.28"]
[SourceVersion "1"]
[SourceVersionDate "2011.10.28"]
[SourceQuality "1"]

1. e4 d6 2. d4 Nf6 3. Nc3 Nc6 4. f4 e5 5. d5 Ne7 6. fxe5 dxe5 7. Nf3 Ng6 8. Bg5 Be7 9. Qd2 h6 10. Bxf6 Bxf6 11. 0-0-0 0-0 12. h3 Nh4 13. Qf2 a6 14. g3 Nxf3 15. Qxf3 Bg5+ 16. Kb1 Qf6 17. Qxf6 Bxf6 18. h4 Be7 19. Be2 Bb4 20. Rd3 f5 21. Rf1 fxe4 22. Rxf8+ Kxf8 23. Nxe4 Ke7 24. a3 Bd6 25. g4 Bd7 26. c4 Kf7 27. Nxd6+ cxd6 28. Rb3 b5 29. cxb5 axb5 30. Rb4 Ra5 31. Kc2 Ke7 32. Kd2 Kd8 33. Ke3 Kc7 34. g5 hxg5 35. hxg5 Ra4 36. Bd1 Rxb4 37. axb4 Kd8 38. Be2 Ke7 39. Bd3 Kf7 40. Kf3 Kf8 41. Kg3 Be8 42. Kg4 Bd7+ 43. Kg3 Be8 44. Kg4 Bf7 45. Be4 Ke7 46. g6 Be8 47. Kg5 Bd7 48. Bd3 Kd8 49. Be4 Bc8 50. Bd3 Bb7 51. Be4 Ke7 52. Bf3 Kf8 53. Be4 Bc8 54. Bd3 Bd7 55. Be4 Ke8 56. Bd3 Ke7 57. Be4 Bh3 58. Bf3 Bf1 59. Be4 Bc4 60. Kf5 Bb3 61. Kg5 Bd1 62. Kf5 Be2 63. Kg5 Bf1 64. Kf5 Bh3+ 65. Kg5 Bd7 66. Bd3 Ke8 67. Be4 Kf8 68. Bd3 Ke7 69. Be4 Bh3 70. Bf3 Bc8 71. Be4 Kd8 72. Bd3 Bd7 73. Be4 Bh3 74. Bf3 Ke7 75. Be4 Ke8 76. Bf3 Bf1 77. Be4 Be2 78. Kf5 Kd7 79. Kg5 Bf1 80. Kf5 Bh3+ 81. Kg5 Kc7 82. Bf3 Kb6 83. Be4 Bf1 84. Kf5 Bh3+ 85. Kg5 Kc7 86. Bf3 Kd8 87. Be4 Bf1 88. Kf5 Ke7 89. Kg5 1/2-1/2

[Event "Kuala Lumpur op 8th"]
[Site "Kuala Lumpur"]
[Date "2011.08.18"]
[Round "2"]
[White "Zulfic, Fedja"]
[Black "Adeimi, Michel"]
[Result "1-0"]
[WhiteElo "2098"]
[BlackElo "1895"]
[PlyCount "101"]
[EventDate "2011.08.18"]
[EventType "swiss"]
[EventRounds "9"]
[EventCountry "MAS"]
[SourceTitle "CBM 144 Extra"]
[Source "ChessBase"]
[SourceDate "2011.10.28"]
[SourceVersion "1"]
[SourceVersionDate "2011.10.28"]
[SourceQuality "1"]

1. c4 Nf6 2. Nc3 g6 3. e4 d6 4. d4 Bg7 5. Nf3 0-0 6. Be2 c5 7. 0-0 cxd4 8. Nxd4 Nc6 9. Be3 Bd7 10. f3 a6 11. Qd2 Rc8 12. Rac1 Nxd4 13. Bxd4 Be6 14. b3 Nd7 15. Bxg7 Kxg7 16. f4 Nf6 17. Kh1 Qa5 18. Qb2 Kg8 19. f5 Bd7 20. fxg6 hxg6 21. Rxf6 exf6 22. Nd5 Be6 23. Nxf6+ Kh8 24. Nd7+ f6 25. Nxf8 Rxf8 26. Rd1 Kg7 27. Qd2 Qxd2 28. Rxd2 Rd8 29. c5 d5 30. Bc4 Re8 31. Bxd5 Bxd5 32. Rxd5 Rxe4 33. Rd7+ Kf8 34. h3 Re7 35. Rxe7 Kxe7 36. h4 f5 37. Kh2 Ke6 38. Kg3 Kd5 39. Kf4 Kxc5 40. Kg5 Kb4 41. Kxg6 Ka3 42. h5 Kxa2 43. h6 Kxb3 44. h7 b5 45. h8Q a5 46. Qa1 a4 47. Qb1+ Kc4 48. Qa2+ Kb4 49. Qb2+ Kc4 50. Qa3 f4 51. Kg5 1-0

[Event "Beirut op 3rd"]
[Site "Beirut"]
[Date "2009.10.23"]
[Round "8"]
[White "Adeimi, Michel"]
[Black "Moudallal, Tarek"]
[Result "1-0"]
[WhiteElo "1878"]
[BlackElo "2056"]
[PlyCount "69"]
[EventDate "2009.10.17"]
[EventType "swiss"]
[EventRounds "9"]
[EventCountry "LBN"]
[SourceTitle "EXT 2010"]
[Source "ChessBase"]
[SourceDate "2010.11.25"]
[SourceVersion "1"]
[SourceVersionDate "2010.11.25"]
[SourceQuality "1"]

1. e4 d5 2. exd5 Nf6 3. Nf3 Bg4 4. c4 c6 5. Nc3 cxd5 6. cxd5 g6 7. Qa4+ Bd7 8. Qb3 Qc7 9. d4 Bg7 10. Ne5 0-0 11. Bc4 Ne8 12. Nxf7 Nd6 13. Ne5 a6 14. a4 Bf5 15. Be3 Nd7 16. f4 b5 17. axb5 axb5 18. Rxa8 Rxa8 19. Nxb5 Qa5+ 20. Ke2 Rb8 21. Nc6 Bg4+ 22. Kd3 Bf5+ 23. Ke2 Bg4+ 24. Kf2 Ne4+ 25. Kg1 Qa1+ 26. Bf1 Be2 27. d6+ Kh8 28. h3 Bxf1 29. Nxb8 Qe1 30. dxe7 Ndf6 31. Qa3 Bxb5+ 32. Kh2 Qg3+ 33. Kg1 Nd5 34. Nc6 Nc7 35. Qa8+ 1-0

[Event "FRA-ch U14"]
[Site "La Roche sur Yon"]
[Date "2008.04.21"]
[Round "1"]
[White "Luciani, Thibault"]
[Black "Adeimi, Michel"]
[Result "0-1"]
[WhiteElo "1779"]
[BlackElo "2110"]
[PlyCount "72"]
[EventDate "2008.04.21"]
[EventType "swiss"]
[EventRounds "9"]
[EventCountry "FRA"]
[SourceTitle "EXT 2010"]
[Source "ChessBase"]
[SourceDate "2010.11.25"]
[SourceVersion "1"]
[SourceVersionDate "2010.11.25"]
[SourceQuality "1"]

1. e4 e5 2. Nf3 Nc6 3. Bc4 Bc5 4. c3 Nf6 5. d4 exd4 6. cxd4 Bb4+ 7. Nc3 Nxe4 8. 0-0 Bxc3 9. d5 Bf6 10. Re1 0-0 11. Rxe4 Ne7 12. d6 Ng6 13. Qd5 cxd6 14. Ng5 Ne5 15. Rxe5 dxe5 16. Nxf7 Rxf7 17. Qxf7+ Kh8 18. Be3 d6 19. Rd1 Bg4 20. f3 Bf5 21. Bc5 Qd7 22. Qxd7 Bxd7 23. Bxd6 Bc6 24. Re1 e4 25. fxe4 Bxb2 26. e5 Rd8 27. Re2 Bd4+ 28. Kh1 Bxe5 29. Rxe5 Rxd6 30. Kg1 g6 31. Kf2 Kg7 32. g3 Kf6 33. Re2 b5 34. Bb3 a5 35. Bc2 b4 36. h4 Bb5 0-1